000
00209 a2200097 4500
001
32655
100
_a
JIN
245
_a
Quaid-e-Azam- Khutbate
260
_a
Lahore
_b
Maqbool Academy
_c
090
_c
21868
_d
21868
942
_a
NUST-CAE
_c
M
_c
13189
999
_c
267728
_d
267728